000 00872nam a2200193Ia 4500
999 _c44264
_d44264
001 11022
003 GE_BSU
005 20221216135447.0
008 181216s1984ge xx |||||||||||||| ||geo||
040 _cGE_BSU
041 _ageo
080 _a031=353.1 ქ-27
245 _aქართული საბჭოთა ენციკლოპედია :
_bტ.7: მინორი–პეგუ /
_cმთ. რედ: ირ. აბაშიძე [და სხვ.].
264 _aთბილისი :
_bმთ. სამეცნ. რედაქცია,
_c1984.
300 _a720 გვ.:
_bილ., რუკა, სქ.
_c27 სმ.
653 _aქართული საბჭოთა ენციკლოპედია ტ. 7
700 _aაბაშიძე, ირ
_eმთავარი რედაქტორი
_916457
942 _cBK
_2udc